000 00366nam a2200157Ia 4500
999 _c14332
_d14332
003 OSt
005 20260218171824.0
008 260210s9999 xx 000 0 und d
020 _a9780520261259
082 _a720.22
100 _aRudolf Arnheim
245 4 _aThe Dynamics of Architectural Form
260 _bUC. Press
_c1977
300 _a289P;
942 _cUG
_2ddc